Culture générale 2 - Statistiques

Statistiques générales
  • Ce quiz a été pris 101 fois
  • Le résultat moyen est 6 sur 20
Statistiques - réponses
Hint Réponse % Correct
De quel pays est originaire le groupe AC/DC ? Australie
66%
Dans le film d’animation Disney « Robin des Bois », quel animal est Petit Jean, l’ami de Robin ? Ours
53%
Dans quel pays a eu lieu la Révolution des Œillets en 1974 ? Portugal
52%
Dans quel pays se situe le Mont Rainier ? Etats-Unis
50%
De quel pays viennent les Magyars ? Hongrie
49%
De quel groupe britannique de rock Phil Collins a-t-il été le batteur et chanteur ? Genesis
43%
Quelle ville de Lorraine est notamment connue pour ses "fêtes de la Mirabelle" ? Metz
42%
Dans quelle ville le kebab a-t-il été inventé ? Berlin
41%
Sous quel nom anglais connaît-on mieux le fruit appelé « canneberge » ? Cranberry
39%
Comment appelle-t-on la science qui étudie les pierres précieuses ? Gemmologie
29%
Dans quelle région française se situe le Pays de Caux ? Normandie
29%
Quel mot apparaît dans la dernière scène iconique du film Citizen Kane ? Rosebud
19%
Qui a été dictateur du Zimbabwe de 1987 à 2017 ? Robert Mugabe
16%
Quel animal est le symbole de la Catalogne ? Âne
14%
Quel inventeur américain a créé le stylo plume ? Lewis Waterman
12%
Quel architecte a réalisé le « Quartier des Etats-Unis » à Lyon ? Tony Garnier
12%
Dans le théâtre grec, comment appelle-t-on l’acteur qui tient le deuxième rôle le plus important, après le protagoniste ? Deutéragoniste
4%
Quel est le seul verbe à s’écrire sans la lettre R à l’infinitif ? Fiche
4%
Quel caricaturiste français est l’auteur du fameux recueil de caricatures politiques « La ménagerie impériale » en 1870 ? Paul Hadol
3%
Quelle femme a été Première ministre de la Nouvelle-Zélande de 2017 à 2023 ? Jacinda Ardern
2%
Aucun quiz correspondant
Distribution des résultats
% des personnes avec chaque résultat
Percentile par nombre de réponses
Votre historique - résultats
Vous n’avez pas pris ce quiz